Historias

Guardat en:
Dades bibliogràfiques
Autor principal: Agatías (Autor)
Format: Llibre
Idioma:espanyol
Publicat: Madrid Gredos 2008
Col·lecció:Biblioteca Clásica Gredos, 372
Matèries:
Etiquetes: Afegir etiqueta
Sense etiquetes, Sigues el primer a etiquetar aquest registre!

MARC

LEADER 00000cam a2200000 a 4500
001 UCG8899
003 CL-VaPUC
008 120106e20080000SP |||||||||||||||||spa|d
020 |a 9788424903244 
082 0 4 |a 937  |b AGA  |2 21 
100 0 |a Agatías  |e author  |9 558733 
245 1 0 |a Historias 
300 |a 438 p 
942 |c BK 
945 |d 20120106 00:00:00  |a dcastane 
260 |a Madrid  |b Gredos  |c 2008 
600 0 7 |a ESCOLASTICO, AGATIAS  |2 CL-VaPUC  |9 560161 
650 7 |a HISTORIA DE ROMA ANTIGUA  |2 CL-VaPUC  |9 541459 
650 0 |a Historia antigua  |9 267521 
650 0 |a Imperio Romano  |9 322785 
650 0 |a Imperio Bizantino  |9 315386 
583 |a last modification  |c 20120106 11:45:00  |k Rodrigo Vera 
490 0 |a Biblioteca Clásica Gredos, 372 
999 |c 346486  |d 346484 
952 |0 0  |1 0  |4 0  |6 937_000000000000000_AGA_2008  |7 0  |8 X  |9 447181  |a BIBHIS  |b BIBHIS  |d 2019-11-22  |i 4819454  |o 937 AGA 2008  |p 4819454  |r 2024-01-30  |w 2019-11-22  |y BK_X  |k HIS